Statistics for Comedians by Picture

Click here to take the quiz!

General Stats

  • This quiz has been taken 67 times
  • The average score is 12 of 25

Answer Stats

Answer% Correct
Robin Williams
94%
Bill Cosby
90%
Steve Martin
85%
George Carlin
76%
Richard Pryor
73%
Bob Hope
61%
Rodney Dangerfield
61%
Don Rickles
56%
Gilda Radner
53%
Groucho Marx
53%
Bob Newhart
52%
Jerry Lewis
52%
Benny Hill
50%
George Burns
48%
Mel Brooks
48%
Redd Foxx
42%
Carol Burnett
40%
Jack Benny
37%
Phyllis Diller
37%
Lenny Bruce
32%
Jimmy Durante
29%
Steven Wright
29%
Carl Reiner
27%
Robert Klein
13%
Ernie Kovacs
3%

Score Distribution

Percentile by Number Answered

Percent of People with Each Score

Your Score History

You have not taken this quiz